000 00374nam a22001457a 4500
003 OSt
008 240831b |||||||| |||| 00| 0 eng d
020 _a9781636334233
082 _a304.954
_bBAI
100 _aBAVDA, Akshay
245 _aIndian Superstitions and Traditions : An Ancient Science
260 _aChennai:
_bNotion Press,
300 _a77p.
942 _2ddc
_cBK
999 _c12887
_d12887